00976nam a2200253 a 450000100100000000500170001000800410002704000250006808200200009310000290011324500630014226000410020530000230024649000090026950000460027859000260032465000280035065000310037883000160040991000380042595201180046395201240058199900170070500003256720240412074256.0110719s19uu dr r 000 p spa d aDO-SdBNPbspacBNPHU aRD861.44bG216v1 aGarcía, Juan Z.92820210aVerso universal :bpoemario siglo XXI /cJuna Z. García. a[Santo Domingo] :b[s. n.],c[19--]. a[102 p.] ;c21 cm.1 aVida aIncluye breve biografía del autor (p.5) aInventariado, 2018/BT 0aPoesía dominicana966 0aLiteratura dominicana.967 0aVida928203 aValidado. Control de calidad. MFF 0010718PDaPDbPDcHDd2011-07-19iLF1l0oRD861.44 G216vp32567-10r2020-06-25w2020-06-25yLFPDZNo se presta 0010718PDaPDbPDcHDd2017-03-22iLF1l0oRD861.44 G216vp32567-20r2020-06-25te. 2w2020-06-25yLFPDZNo se presta c32058d32058